LDR 00894naa#a2200181#i#450# 001 RU\\bibl\97265 005 20260603154530.3 011 ## _a2073-0462 100 ## _a20250409b2025####ek#y0rusy0150####ca 101 0# _aRUS 102 ## _aRU 200 1# _aСООТНОШЕНИЕ КОРМОВОЙ И СЕМЕННОЙ ПРОДУКТИВНОСТИ КЛЕВЕРА ЛУГОВОГО (Trifolium pratense L.) В ЗАПАДНОЙ СИБИРИ _eЖурнальная статья 210 1# _aКазань _cКазанский государственный аграрный университет _d2025 215 ## _a6 с. 608 ## _aЖурнальная статья _2local 675 ## _aПрочие кормовые растения. 633.3 _aКлевер красный, луговой. Trifolium pratense L.. 633.321 _zRUS 700 #1 _aФеоктистова _gНаталья Александровна 856 4# _azh-szf.ru _u